Finding Nemo Quiz - Statistics

General Stats
  • This quiz has been taken 651 times
  • The average score is 8 of 15
Answer Stats
Hint Answer % Correct
Little clownfishes name Nemo
99%
"Just Keep Swimming." Dory
93%
IS NEMO A SAD MOVIE? Yes
81%
"Fish are friends not food." Bruce
74%
The aboves father^ Crush
66%
Little turtle Squirt
66%
"Why are you sleeping!?" Darla
51%
School teacher Mr. Ray
51%
Fish that talked to her reflection Flo
42%
The aboves parents^ Marlin and Coral
41%
Fish that helps Nemo Gill
40%
What did they call the boat when they saw it at the drop off? 'The butt'
33%
Starfish Peach
31%
Which movie did Nemo appear in before the release of the movie? Monsters Inc.
30%
What is Nemo's little fin called? His lucky fin
15%
No matching quizzes found
Score Distribution
Percent of People with Each Score
Percentile by Number Answered
Your Score History
You have not taken this quiz